|
|
|
|
| LEADER |
00000nab a2200000 a 4500 |
| 001 |
vtls009944178 |
| 003 |
SK-MaSNL |
| 005 |
20260303045232.0 |
| 008 |
090827 1972 xo |00 0 slo |
| 015 |
|
|
|a SNBRB1973
|
| 040 |
|
|
|a SNKBUCL
|b slo
|c SNKBUCL
|e AACR2
|
| 041 |
0 |
|
|a slo
|
| 044 |
|
|
|a xo
|c SK
|
| 080 |
|
|
|a 796.062
|x (437.6)
|2 2001
|
| 100 |
1 |
|
|a Šímo, Jozef
|4 aut
|9 491133
|
| 245 |
1 |
0 |
|a Vysoká aktivita - záväzkové hnutie
|b (správa revíznej a kontrolnej komisie na 9. plenárnom zasadnutí STO)
|c Jozef Šímo
|
| 610 |
2 |
7 |
|a Slovenská telovýchovná organizácia
|2 snkbucl
|9 1033765
|
| 648 |
|
7 |
|a 1972
|2 snkbucl
|9 281644
|
| 650 |
0 |
7 |
|a zasadanie
|2 snkbucl
|9 280253
|
| 773 |
0 |
|
|t Tělovýchovný pracovník
|g Roč. 16, č. 11 (1972), s. 103
|
| 999 |
|
|
|c 1703021
|d 1704951
|